000 00442nam a2200169 a 4500
001 0000-8562
003 ELIB.Books
008 110520 2006
035 _a(ELIB.Books)0000-8708
082 _aM.Div
_bSu
100 _aSu Mar Thaung, Naw
245 _aThe Victory of Jews in Esther
260 _bInsein: Karen Baptist Theological Seminary
_c2006
650 _aThesis
942 _2ddc
_cBK
998 _cbat
_e2011-05-20
999 _c8562
_d8562